| 000 | 02096cam a2200313 i 4500 | ||
|---|---|---|---|
| 001 | 2810 | ||
| 003 | FISKH | ||
| 005 | 20240116092910.0 | ||
| 008 | 171115t20192018enk 000 1 eng | ||
| 010 | _a 2017961038 | ||
| 020 |
_a9781785358760 _q(pbk.) |
||
| 040 |
_aDLC _beng _erda _cDLC _dDLC |
||
| 042 | _apcc | ||
| 050 | 0 | 0 |
_aPR9199.4.L594 _bJ87 2019 |
| 082 | 0 | 0 |
_a813/.6 _223 |
| 100 | 1 |
_aLombardi, N., _cJr., _eauthor. |
|
| 245 | 1 | 0 |
_aJustice gone / _cN. Lombardi Jr. |
| 264 | 1 |
_aWinchester, UK ; _aWashington, USA : _bRoundfire Books, _c2019. |
|
| 264 | 4 | _c2018 | |
| 300 |
_a322 pages ; _c22 cm |
||
| 336 |
_atext _btxt _2rdacontent |
||
| 337 |
_aunmediated _bn _2rdamedia |
||
| 338 |
_avolume _bnc _2rdacarrier |
||
| 520 | _aWhen a homeless war veteran is beaten to death by the police, stormy protests ensue, engulfing a small New Jersey town. Soon after, three cops are gunned down. A multi-state manhunt is underway for a cop killer on the loose. And Dr. Tessa Thorpe, a veteran's counselor, is caught up in the chase. Donald Darfield, an African-American Iraqi war vet, war-time buddy of the beaten man, and one of Tessa's patients, is holed up in a mountain cabin. Tessa, acting on instinct, sets off to find him, but the swarm of law enforcement officers get there first, leading to Darfield's dramatic capture. Now, the only people separating him from the lethal needle of state justice are Tessa and ageing blind lawyer, Nathaniel Bodine. Can they untangle the web tightening around Darfield in time, when the press and the justice system are baying for revenge? Justice Gone is the first in a series of psychological thrillers involving Dr Tessa Thorpe, wrapped in the divisive issues of modern American society including police brutality and disenfranchised returning war veterans. N Lombardi Jr. is the author of compelling and heartfelt novel The Plain of Jars. | ||
| 655 | 7 |
_aSuspense fiction. _2gsafd |
|
| 906 |
_a7 _bcbc _corignew _d2 _eepcn _f20 _gy-gencatlg |
||
| 942 |
_2ddc _cBK _n0 |
||
| 999 |
_c2810 _d2810 |
||